載入...

Evolution without Selection

書目詳細資料
主要作者: Lima-de-faria, A
格式: Printed Book
語言:Undetermined
English
出版: London Elsevier Applied Science 1988
主題:
LEADER 00542nam a2200169Ia 4500
008 140306s9999 xx 000 0 und d
041 |a eng 
082 |a 575  |b LIM/EV 
100 |a Lima-de-faria, A 
245 |a Evolution without Selection 
260 |a London  |b Elsevier Applied Science  |c 1988 
300 |a 371 
365 |b Rs.105 
650 |a Adaptation 
942 |2 ddc  |c BK 
999 |c 115640  |d 115640 
952 |0 0  |1 0  |2 ddc  |4 0  |6 575_000000000000000_LIMEV  |7 0  |9 114134  |a KAUHCV  |b KAUHCV  |d 2004-04-24  |g 105.00  |o 575 LIM/EV  |p KAU_HCV-22981  |r 2014-03-22  |w 2014-03-22  |y BK